| 000 | 00384nam a22001457a 4500 | ||
|---|---|---|---|
| 005 | 20170409142752.0 | ||
| 008 | 170409b xxu||||| |||| 00| 0 eng d | ||
| 020 | _a978-81-7164-116-1 | ||
| 041 | _aeng | ||
| 100 |
_aPRASAD, DR RAJENDRA _93847 |
||
| 245 | _aTEXTBOOK OF FIELD CROPS PRODUCTION- (FOODGRAIN CROPS) VOL-1 | ||
| 260 |
_aNEW DELHI _bICAR _c2017 |
||
| 300 | _a396 | ||
| 942 | _cBK | ||
| 999 |
_c5444 _d5442 |
||